|
|
|
|
| LEADER |
01181nam a2200289 a 4500 |
| 001 |
GR-MES13285 |
| 008 |
071002s gw b 001 0 gre d |
| 020 |
|
|
|a 3540222790
|
| 040 |
|
|
|a GrPaTEI
|b gre
|c GR-PaULI
|
| 040 |
|
|
|a GrPaTEI
|b gre
|c GR-PaULI
|
| 082 |
|
0 |
|a 633.83
|2 21
|
| 100 |
1 |
|
|a Seidemann, Johannes
|
| 245 |
1 |
0 |
|a World spice plants /
|c Johannes Seidemann.
|
| 260 |
|
|
|a Berlin :
|b Springer,
|c c2005
|
| 300 |
|
|
|a vii, 591σ. :
|b εικ., ;
|c 28εκ.
|
| 504 |
|
|
|a Περιλαμβάνει βιβλιογραφίες και ευρετήριο.
|
| 650 |
|
0 |
|a Materia medica, Vegetable
|
| 650 |
|
0 |
|a Spice Plants
|
| 650 |
|
4 |
|a Βότανα
|x Θεραπευτική χρήση
|
| 650 |
|
4 |
|a Μπαχαρικά
|
| 650 |
|
4 |
|a Φυτά
|x Φυσιολογία
|
| 653 |
|
|
|a Spice plants--Composition
|
| 653 |
|
|
|a Spice plants--Geographical distribution
|
| 942 |
|
|
|2 ddc
|
| 952 |
|
|
|0 0
|1 0
|2 ddc
|4 0
|6 633_830000000000000_SEI
|7 0
|9 271797
|a MSLG
|b MSLG
|c BSC
|d 2021-01-17
|e 24
|f 0
|g 0.00
|l 0
|o 633.83 SEI
|p 2420000022689
|r 2021-01-17 00:00:00
|t 1
|v 2021.00
|w 2021-01-17
|y BK15
|x Μεταφορά από Αμαλιάδα (18/10/22)
|x GrPaTEI
|
| 971 |
|
|
|a .b25793330
|b 15-04-20
|c 13-09-16
|
| 999 |
|
|
|c 157067
|d 157067
|